Management dynamics : (Record no. 357)
[ view plain ]
| 000 -LEADER | |
|---|---|
| fixed length control field | 00688cam a22002052 4500 |
| 001 - CONTROL NUMBER | |
| control field | 0000001761 |
| 005 - DATE AND TIME OF LATEST TRANSACTION | |
| control field | 20151021151053.0 |
| 008 - FIXED-LENGTH DATA ELEMENTS--GENERAL INFORMATION | |
| fixed length control field | 070326s xx 000 0 eng d |
| 020 ## - INTERNATIONAL STANDARD BOOK NUMBER | |
| International Standard Book Number | 9966468161 : |
| Terms of availability | KES 1,150 |
| 040 ## - CATALOGING SOURCE | |
| Original cataloging agency | KABU |
| Transcribing agency | KABU |
| 050 #0 - LIBRARY OF CONGRESS CALL NUMBER | |
| Classification number | HD31 |
| Item number | .S24 2002 |
| 100 1# - MAIN ENTRY--PERSONAL NAME | |
| Personal name | Sagimo, Peter O. |
| -- | 0000150766 |
| 245 10 - TITLE STATEMENT | |
| Title | Management dynamics : |
| Remainder of title | towards efficiency, effectiveness, competence and productivity / |
| Statement of responsibility, etc. | Peter O. Sagimo. |
| 260 ## - PUBLICATION, DISTRIBUTION, ETC. (IMPRINT) | |
| Place of publication, distribution, etc. | Nairobi : |
| Name of publisher, distributor, etc. | East African Educational Publishers, |
| Date of publication, distribution, etc. | 2002. |
| 300 ## - PHYSICAL DESCRIPTION | |
| Extent | xviii, 494 p. ; |
| Dimensions | 25 cm. |
| 650 #0 - SUBJECT ADDED ENTRY--TOPICAL TERM | |
| Topical term or geographic name as entry element | Management. |
| -- | 0000083920 |
| 908 ## - PUT COMMAND PARAMETER (RLIN) | |
| Put command parameter | 070326 |
| 950 ## - LOCAL HOLDINGS (RLIN) | |
| -- | 1 |
| Withdrawn status | Lost status | Source of classification or shelving scheme | Not for loan | Home library | Current library | Date acquired | Total Checkouts | Full call number | Barcode | Date last seen | Date last checked out | Price effective from | Koha item type |
|---|---|---|---|---|---|---|---|---|---|---|---|---|---|
| Library of Congress Classification | Kabarak, Main Campus | Kabarak, Main Campus | 17/12/2015 | HD31 .S24 2002 | 002313 | 02/08/2024 | 17/12/2015 | General Collection | |||||
| Library of Congress Classification | Kabarak, Main Campus | Kabarak, Main Campus | 17/12/2015 | HD31 .S24 2002 | 002314 | 02/08/2024 | 17/12/2015 | General Collection | |||||
| Library of Congress Classification | Kabarak, Main Campus | Kabarak, Main Campus | 17/12/2015 | 1 | HD31 .S24 2002 | 002315 | 02/08/2024 | 17/10/2016 | 17/12/2015 | General Collection | |||
| Library of Congress Classification | Kabarak, Nakuru City Campus | Kabarak, Nakuru City Campus | 21/10/2015 | 1 | HD31 .S24 2002 | 023213 | 30/10/2019 | 08/06/2016 | 21/10/2015 | General Collection |